000
00286nam a2200121 a 4500
005
20140414093834.0
008
030611s19uu xx 00 eng d
050
_a
CD 004.5
_b
Mic 1996
245
_a
Encarta 96 :
_b
CDR-1889MS. 1.
650
_a
CD-ROM.
942
_c
AVM
999
_c
108901
_d
108901